000 00521nam a2200205Ia 4500
005 20250508164503.0
008 008 250505s9999 xx 000 0 eng d
037 _aTextual
040 _aFEDL
_beng
_cFEDL
041 _aeng
_2eng
084 _a320.533, HOO
_qFEDL
100 _aHood Stuart
_9778278
245 0 _aFascism for beginners
260 _c1993
300 _a173p.
365 _aGBP
_b4.99
700 _a Jansz Litza
_9778279
942 _cTEXL
_h320.533, HOO
999 _c1389378
_d1389378